[Event "Madurai Athens of the East op-B 4th"]
[Site "Madurai"]
[Date "2024.12.25"]
[Round "3"]
[White "Ranjith, Pratap"]
[Black "Gokul, Krishna Sajin Resmy"]
[Result "0-1"]
[WhiteElo "1759"]
[BlackElo "1995"]
[PlyCount "156"]
[EventDate "2024.12.24"]
[EventType "swiss"]
[EventRounds "10"]
[EventCountry "IND"]
[SourceTitle "CB02_2025"]
[SourceDate "2025.01.08"]
[SourceVersion "1"]
[SourceVersionDate "2025.01.08"]
[SourceQuality "1"]

1. e4 c5 2. Nf3 Nc6 3. Bb5 g6 4. Bxc6 dxc6 5. d3 Bg7 6. h3 Nf6 7. Nc3 0-0 8. 0-0 Ne8 9. Bf4 Nc7 10. Qd2 Re8 11. e5 Ne6 12. Rae1 Qc7 13. Bh2 h6 14. Ne4 Qb6 15. b3 Bd7 16. Bf4 Kh7 17. Be3 Nd4 18. Bxd4 cxd4 19. a4 c5 20. Qf4 Be6 21. Nh2 Qc7 22. Nd2 f5 23. Qg3 b6 24. f4 a6 25. Ndf3 b5 26. Nh4 g5 27. fxg5 Rg8 28. g6+ Kh8 29. Rxf5 Bxf5 30. Nxf5 Raf8 31. Nh4 bxa4 32. bxa4 c4 33. N4f3 cxd3 34. cxd3 Qc3 35. Qh4 Qxd3 36. Ng4 Qxg6 37. Nxd4 Qb6 38. Re4 Rd8 39. Qf2 Rgf8 40. Nf3 Rd1+ 41. Kh2 Qb1 42. Qe3 Rd3 43. Qe2 Ra3 44. Qc4 a5 45. Re1 Qb4 46. Qc1 h5 47. Nf2 Qf4+ 48. Qxf4 Rxf4 49. Ne4 Rxa4 50. Neg5 Bh6 51. Rd1 Bxg5 52. Rd8+ Kg7 53. Nxg5 Rfb4 54. Ne6+ Kf7 55. Ng5+ Kg6 56. Rg8+ Kf5 57. Nf3 h4 58. Rg5+ Ke6 59. Rg6+ Kd5 60. Rh6 Rf4 61. Rh5 e6 62. Rh7 Rab4 63. Rd7+ Ke4 64. Rd6 Rxf3 65. gxf3+ Kxe5 66. Rd2 Kf4 67. Kg2 a4 68. Ra2 Ke3 69. Ra3+ Kd2 70. Kf2 Kc2 71. Re3 Kb2 72. Re2+ Kb1 73. Re1+ Ka2 74. Rxe6 a3 75. Ke3 Kb2 76. Ra6 a2 77. f4 Rb3+ 78. Kd2 a1Q 0-1

[Event "Udaipur Kingdom of Chess op 1st"]
[Site "Udaipur"]
[Date "2024.10.26"]
[Round "8"]
[White "Ranjith, Pratap"]
[Black "Mehta, Naitik R"]
[Result "0-1"]
[WhiteElo "1746"]
[BlackElo "2019"]
[PlyCount "98"]
[EventDate "2024.10.23"]
[EventType "swiss"]
[EventRounds "9"]
[EventCountry "IND"]
[SourceTitle "CB44_2024"]
[Source "Chessbase"]
[SourceDate "2024.10.30"]
[SourceVersion "1"]
[SourceVersionDate "2024.10.30"]
[SourceQuality "1"]

1. e4 c5 2. Nf3 a6 3. d4 cxd4 4. Nxd4 Nf6 5. Nc3 d6 6. Be2 e5 7. Nb3 Be6 8. Be3 Be7 9. Nd5 Bxd5 10. exd5 Nbd7 11. a4 Nb6 12. c4 Rc8 13. Nd2 a5 14. g4 Nfd7 15. Qb3 0-0 16. Ne4 Rb8 17. g5 Na8 18. h4 b6 19. Qc2 Nc5 20. Ng3 Nc7 21. Nf5 Ne8 22. Ra3 g6 23. Nxe7+ Qxe7 24. h5 Rb7 25. Bg4 Ng7 26. Bxc5 bxc5 27. Rg3 e4 28. b3 Qe5 29. h6 Nf5 30. Bxf5 Qxf5 31. 0-0 f6 32. Qd2 Ra7 33. Re1 Re8 34. f4 fxg5 35. Rxg5 Qf6 36. f5 Re5 37. Rf1 e3 38. Qg2 e2 39. Re1 Rae7 40. Rg3 Qxf5 41. Rf3 Qe4 42. Rg3 Qf4 43. Qf3 Qxh6 44. Rg2 Qd2 45. Qf2 Rf7 46. Qh4 Rf1+ 47. Rxf1 exf1Q+ 48. Kxf1 Qd1+ 49. Kf2 Qe1+ 0-1